Detalles MARC
| 000 -LÍDER |
| Campo fijo de descripción fija |
01335cam a2200373 i 4500 |
| 001 - NÚMERO DE CONTROL |
| Campo de control |
768714001 |
| 003 - IDENTIFICADOR DEL NÚMERO DE CONTROL |
| Campo de control |
CO-MdFUSB |
| 005 - FECHA Y HORA DE LA ULTIMA TRANSACCIÓN |
| control field |
20250514164013.0 |
| 007 - CAMPO FIJO DE DESCRIPCIÓN FIJA--INFORMACIÓN GENERAL |
| Campo fijo de descripción fija |
ta |
| 008 - ELEMENTOS DE LONGITUD FIJA -- INFORMACIÓN GENERAL |
| Campo fijo de descripción fija -- Información general |
070706t20072002mduao b 001 0 eng d |
| 020 ## - NÚMERO INTERNACIONAL NORMALIZADO PARA LIBROS |
| Número Internacional Normalizado del libro |
0742558908 |
| 020 ## - NÚMERO INTERNACIONAL NORMALIZADO PARA LIBROS |
| Número Internacional Normalizado del libro |
9780742558908 |
| 040 ## - FUENTE DE CATALOGACIÓN |
| Agencia de catalogación original |
YDXCP |
| Idioma de catalogación |
spa |
| Convenciones de la descripción |
rda |
| Agencia que realiza la transcripción |
CO-MdFUSB |
| Agencia que realiza la modificación |
BTCTA |
| -- |
KLC |
| -- |
BAKER |
| -- |
SKYRV |
| -- |
UtOrBLW |
| 041 ## - CÓDIGO DE IDIOMA |
| Código de idioma para texto/pista de sonido o título separado |
eng |
| 082 ## - NÚMERO DE CLASIFICACIÓN DECIMAL DEWEY |
| Número de la edición del Dewey |
24 |
| Número de clasificación |
G 248.089 |
| Clave de autor-Numero de item |
G8765b |
| 100 1# - ASIENTO PRINCIPAL--NOMBRE PERSONAL |
| Nombre personal |
Groody, Daniel G., |
| Fechas asociadas con el nombre |
1964- |
| Término relacionador |
autor |
| 245 10 - TÍTULO |
| Título del Material |
Border of death, valley of life |
| Parte restante del título - Subtitulo |
: an immigrant journey of heart and spirit |
| Mención de responsabilidad, etc. |
/ Daniel G. Groody. |
| 250 ## - MENCIÓN DE EDICIÓN |
| Mención de edición |
Primera edición. |
| 264 #1 - PRODUCCIÓN, PUBLICACIÓN, DISTRIBUCIÓN, MANUFACTURA, Y COPYRIGHT |
| Lugar de producción, publicación, distribución, manufactura |
Lanham, Maryland : |
| Nombre del productor, publicador, distribuidor |
Rowman & Littlefield, |
| Fecha de producción, publicación, distribución, manufactura, o copyright |
[2007] |
| 264 #4 - PRODUCCIÓN, PUBLICACIÓN, DISTRIBUCIÓN, MANUFACTURA, Y COPYRIGHT |
| Fecha de producción, publicación, distribución, manufactura, o copyright |
©2002 |
| 300 ## - DESCRIPCIÓN FÍSICA |
| Extensión |
xv, 188 páginas : |
| Otros detalles físicos |
fotografías blanco y negro ; |
| Dimensiones |
23 cm. |
| 336 ## - TIPO DE CONTENIDO |
| Fuente |
rdacontent. |
| Término de tipo de contenido |
texto |
| Código de tipo de contenido |
txt |
| 337 ## - TIPO DE MEDIO |
| Fuente |
rdamedia. |
| Nombre del tipo de medio |
sin mediación |
| Código del tipo de medio |
n |
| 338 ## - TIPO DE SOPORTE |
| Fuente |
rdacarrier. |
| Nombre del tipo de soporte |
volumen |
| Código Tipo de soporte |
nc |
| 490 ## - MENCIÓN DE SERIE |
| Mención de serie |
Celebrating faith: Explorations in latino spirituality and theology |
| 501 ## - NOTA DE “CON” |
| Nota de Contenido |
Incluye índice (páginas 179- 185) |
| 504 ## - NOTA DE BIBLIOGRAFÍA, ETC. |
| Nota de bibliografía, etc |
Bibliografía (páginas 157- 178) |
| 505 0# - NOTA DE CONTENIDO |
| Nota de contenido con formato preestablecido |
1. Corazón Destrozado -- 2. Corazón Rehabilitado -- 3. Corazón Animado -- 4. Corazón Florido |
| 563 ## - NOTA DE ENCUADERNACIÓN |
| Nota de encuadernación |
Rústico |
| 653 ## - TÉRMINO DE INDIZACIÓN - NO CONTROLADO |
| Término no controlado |
Experiencia latino-americana |
| 942 ## - TIPO DE MATERIAL (KOHA) |
| Tipo de Item KOHA |
Libros General |
| 945 ## - INFORMACIÓN LOCAL DEL REGISTRO |
| Catalogador |
Elías Tolentno |